LEADER 00975nam0-22003371i-450- 001 990000043760403321 005 20090224103500.0 035 $a000004376 035 $aFED01000004376 035 $a(Aleph)000004376FED01 035 $a000004376 100 $a20020821d1907----km-y0itay50------ba 101 0 $afre 102 $aFR 105 $aa-------001yy 200 1 $aConstruction et entretien des routes et chemins$fA. Debauve 205 $a2. ed. complet. remaniee et augm. 210 $aParis$cH. Dunod et E. Pinat$d1907 215 $a480 p.$cill.$d24 cm 610 0 $aCostruzioni stradali 610 0 $aStrade$aManutenzione 676 $a625.7 700 1$aDebauve,$bAlphonse Alexis$02254 801 0$aIT$bUNINA$gRICA$2UNIMARC 901 $aBK 912 $a990000043760403321 952 $a13 E 44 06$b362$fFINBC 952 $a13 M 11 09$b3772$fFINBC 959 $aFINBC 996 $aConstruction et entretien des routes et chemins$9112667 997 $aUNINA LEADER 01084cam0-2200349---450- 001 990009595660403321 005 20130416105021.0 010 $a978-88-7018-690-1 035 $a000959566 035 $aFED01000959566 035 $a(Aleph)000959566FED01 035 $a000959566 100 $a20120625d2008----km-y0itay50------ba 101 0 $aita 102 $aIT 105 $ay-------001yy 200 1 $aEbrei della Mitteleuropa$eidentità ebraica e identità nazionali$ftesti di Roberta Ascarelli ... [et al.]$ga cura di Guido Massino e Giulio Schiavoni 210 $aGenova$cIl melangolo$d2008 215 $a203 p.$d21 cm 225 1 $aUniversità$v93 610 0 $aCultura ebraica$aEuropa centrale$aSec. 19.-20. 676 $a909.04924$v22$zita 702 1$aAscarelli,$bRoberta$f<1951- > 702 1$aMassino,$bGuido 702 1$aSchiavoni,$bGiulio 801 0$aIT$bUNINA$gREICAT$2UNIMARC 901 $aBK 912 $a990009595660403321 952 $aCollez. 2232 (93)$b47464$fFSPBC 959 $aFSPBC 996 $aEbrei della Mitteleuropa$9845052 997 $aUNINA